[Event "Calgary op"]
[Site "Calgary CAN"]
[Date "2004.10.11"]
[Round "5"]
[White "Rogers, Dustin"]
[Black "Pivovarov, Juraj"]
[Result "1-0"]
[WhiteElo "1672"]
[BlackElo "1639"]
[PlyCount "69"]
[GameId "2160767911061120"]
[EventDate "2004.10.??"]
[EventType "swiss"]
[EventRounds "6"]
[EventCountry "CAN"]
[SourceTitle "EXT 2006"]
[Source "ChessBase"]
[SourceDate "2005.11.24"]
[SourceVersion "1"]
[SourceVersionDate "2005.11.24"]
[SourceQuality "1"]

1. Nf3 Nf6 2. c4 c5 3. Nc3 d5 4. cxd5 Nxd5 5. d4 Nc6 6. e3 Bg4 7. Bb5 Rc8 8. O-O e6 9. h3 Bxf3 10. Qxf3 Bd6 11. Rd1 Nxc3 12. bxc3 cxd4 13. cxd4 O-O 14. Bd2 a6 15. Bd3 Ba3 16. Rab1 Qd6 17. Rxb7 Ne5 18. Bxh7+ Kxh7 19. Qh5+ Kg8 20. dxe5 Qd5 21. Rb3 Rfd8 22. Rxa3 Rc2 23. Ra4 g6 24. Qh6 Qxe5 25. Rxa6 Qd5 26. Ra4 Rxd2 27. Rxd2 Qxd2 28. Qf4 Qb2 29. Kh2 Rd2 30. Ra8+ Kg7 31. Qh4 Qe5+ 32. Qg3 Qf5 33. Qb8 Kf6 34. Qh8+ Ke7 35. Qh4+ 1-0

[Event "Calgary op"]
[Site "Calgary CAN"]
[Date "2004.10.11"]
[Round "6"]
[White "Pivovarov, Juraj"]
[Black "Quinn, Connor"]
[Result "1-0"]
[WhiteElo "1639"]
[BlackElo "1409"]
[PlyCount "27"]
[GameId "2160767911061121"]
[EventDate "2004.10.??"]
[EventType "swiss"]
[EventRounds "6"]
[EventCountry "CAN"]
[SourceTitle "EXT 2006"]
[Source "ChessBase"]
[SourceDate "2005.11.24"]
[SourceVersion "1"]
[SourceVersionDate "2005.11.24"]
[SourceQuality "1"]

1. e4 c5 2. Nf3 Nc6 3. d4 cxd4 4. Nxd4 Nf6 5. Nc3 e5 6. Ndb5 d6 7. Bg5 a6 8. Na3 Qa5 9. Bxf6 gxf6 10. Nc4 Qc5 11. Nd5 Ne7 12. b4 Qa7 13. Nxf6+ Kd8 14. Qxd6+ 1-0

[Event "Carnaval"]
[Site "Quebec CAN"]
[Date "2004.02.13"]
[Round "1"]
[White "Audet-Bouchard, Nicolas"]
[Black "Papineau (Granby), Daniel"]
[Result "0-1"]
[WhiteElo "2167"]
[BlackElo "1999"]
[PlyCount "93"]
[GameId "2160767911191997"]
[EventDate "2004.02.13"]
[EventType "swiss"]
[EventRounds "5"]
[EventCountry "CAN"]

1. e4 e5 2. Nf3 Nc6 3. Bb5 a6 4. Ba4 Nf6 5. O-O Nxe4 6. d4 b5 7. Bb3 d5 8. dxe5 Be6 9. c3 Be7 10. Nbd2 Nc5 11. Bc2 Qd7 12. Nb3 Bg4 13. Re1 Ne6 14. Qd3 Bh5 15. Nfd4 Bg6 16. Qe2 Ncd8 17. Nf5 O-O 18. a4 Rb8 19. axb5 axb5 20. Nbd4 Re8 21. h4 Bf8 22. h5 Nxd4 23. Nxd4 Bxc2 24. Nxc2 c5 25. b4 Nc6 26. Bf4 cxb4 27. cxb4 Qf5 28. Bg3 Bxb4 29. Nxb4 Nxb4 30. Reb1 Nc6 31. e6 Rxe6 32. Qd1 Rbe8 33. Rxb5 Ne7 34. Ra7 h6 35. Rab7 Qe4 36. Qb3 Qg4 37. Rxd5 Nxd5 38. Qxd5 Rf6 39. Rb5 Kh8 40. Qd3 Qe4 41. Qd7 Qe2 42. Qd5 Rc8 43. Kh2 Rfc6 44. Rb1 Rc5 45. Qxf7 Rxh5+ 46. Kg1 Rd8 47. Qb3 0-1

[Event "Carnaval"]
[Site "Quebec CAN"]
[Date "2004.02.13"]
[Round "1"]
[White "Caire, Francois"]
[Black "Lawson, Eric"]
[Result "1/2-1/2"]
[WhiteElo "2038"]
[BlackElo "2347"]
[PlyCount "121"]
[GameId "2160767911191998"]
[EventDate "2004.02.13"]
[EventType "swiss"]
[EventRounds "5"]
[EventCountry "CAN"]
[SourceTitle "EXT 2005"]
[Source "ChessBase"]
[SourceDate "2004.11.15"]
[SourceVersion "1"]
[SourceVersionDate "2004.11.15"]
[SourceQuality "1"]

1. d4 Nf6 2. c4 e6 3. Nf3 b6 4. Nc3 Bb4 5. Bg5 h6 6. Bh4 Bb7 7. e3 g5 8. Bg3 Ne4 9. Qc2 d6 10. Bd3 f5 11. O-O-O Bxc3 12. bxc3 Nd7 13. Rhg1 Qf6 14. Nd2 Nxd2 15. Qxd2 O-O-O 16. f3 Kb8 17. e4 f4 18. Bf2 c5 19. Kb1 Rc8 20. Be2 Rhd8 21. h4 cxd4 22. cxd4 Ba6 23. Rc1 e5 24. d5 Nc5 25. Rh1 Rc7 26. Qb4 Rdc8 27. Ka1 Nb7 28. Qa4 Na5 29. Be1 Bxc4 30. Bxa5 Bxe2 31. Rxc7 Rxc7 32. Bb4 g4 33. Qa3 Rd7 34. Rc1 gxf3 35. gxf3 a5 36. Be1 Qd8 37. Rc2 Bf1 38. Bf2 b5 39. Rc6 b4 40. Qc1 Bb5 41. Bb6 Qxh4 42. Rc8+ Kb7 43. Bxa5 Qf2 44. Bxb4 Qxf3 45. Bxd6 Qf1 46. Bxe5 Qxc1+ 47. Rxc1 f3 48. Bd4 Bd3 49. Re1 Rc7 50. e5 Rc2 51. e6 f2 52. Bxf2 Rxf2 53. e7 Bg6 54. e8=Q Bxe8 55. Rxe8 h5 56. Rh8 Rh2 57. Rh7+ Kb6 58. d6 h4 59. a4 h3 60. d7 Rd2 61. Rxh3 1/2-1/2

[Event "Carnaval"]
[Site "Quebec CAN"]
[Date "2004.02.13"]
[Round "1"]
[White "Fortier, Marc-Andre"]
[Black "Champetier, Serge"]
[Result "1-0"]
[WhiteElo "2205"]
[BlackElo "2005"]
[PlyCount "49"]
[GameId "2160767911191999"]
[EventDate "2004.02.13"]
[EventType "swiss"]
[EventRounds "5"]
[EventCountry "CAN"]
[SourceTitle "EXT 2005"]
[Source "ChessBase"]
[SourceDate "2004.11.15"]
[SourceVersion "1"]
[SourceVersionDate "2004.11.15"]
[SourceQuality "1"]

1. e4 d6 2. g3 Nc6 3. Bg2 e5 4. c3 g6 5. d4 Bg7 6. Ne2 Nge7 7. d5 Nb8 8. O-O O-O 9. Be3 f5 10. f3 Nd7 11. c4 f4 12. gxf4 exf4 13. Nxf4 Nb6 14. Qc1 c6 15. Na3 cxd5 16. cxd5 Bd7 17. Qd2 Na4 18. Nd3 b5 19. Rac1 a5 20. b4 Nc3 21. Rxc3 axb4 22. Nxb4 Qa5 23. Nac2 Bxc3 24. Qxc3 Rac8 25. Qb2 1-0

[Event "Carnaval"]
[Site "Quebec CAN"]
[Date "2004.02.13"]
[Round "1"]
[White "Khaziyeva, Dinara"]
[Black "Philippe, Denis"]
[Result "1/2-1/2"]
[WhiteElo "2109"]
[BlackElo "1986"]
[PlyCount "97"]
[GameId "2160767911192001"]
[EventDate "2004.02.13"]
[EventType "swiss"]
[EventRounds "5"]
[EventCountry "CAN"]
[SourceTitle "EXT 2005"]
[Source "ChessBase"]
[SourceDate "2004.11.15"]
[SourceVersion "1"]
[SourceVersionDate "2004.11.15"]
[SourceQuality "1"]

1. b3 d5 2. Bb2 Nf6 3. e3 Bg4 4. Be2 Bxe2 5. Qxe2 c5 6. f4 Nc6 7. Nf3 e6 8. Ne5 Bd6 9. Nxc6 bxc6 10. O-O O-O 11. g4 Re8 12. d3 e5 13. g5 Nd7 14. Qg4 e4 15. d4 cxd4 16. Bxd4 Qc7 17. Nd2 Rad8 18. Rad1 Nc5 19. Bb2 Nd7 20. h4 Bc5 21. Rfe1 Qb6 22. Nf1 Nf8 23. Bd4 Bxd4 24. Rxd4 Ne6 25. Rdd1 d4 26. f5 Nc7 27. Kh2 dxe3 28. Rxd8 Rxd8 29. Rxe3 Nd5 30. Rxe4 Qf2+ 31. Qg2 Qxf5 32. Ng3 Qd7 33. Rd4 Qc7 34. Qd2 Re8 35. c4 Ne3 36. Rd6 c5 37. Kg1 Kf8 38. Nf1 Nxf1 39. Kxf1 Qe7 40. Rd7 Qe4 41. Qd6+ Kg8 42. Rd8 Qh1+ 43. Kf2 Qxh4+ 44. Kf3 Qh5+ 45. Kf4 Qh4+ 46. Kf3 Qh3+ 47. Kf4 Qh4+ 48. Kf3 Qh3+ 49. Kf4 1/2-1/2

[Event "Carnaval"]
[Site "Quebec CAN"]
[Date "2004.02.13"]
[Round "1"]
[White "Landry, Sylvain"]
[Black "Auger, Bertrand"]
[Result "1/2-1/2"]
[WhiteElo "1980"]
[BlackElo "2099"]
[PlyCount "103"]
[GameId "2160767911192002"]
[EventDate "2004.02.13"]
[EventType "swiss"]
[EventRounds "5"]
[EventCountry "CAN"]
[SourceTitle "EXT 2005"]
[Source "ChessBase"]
[SourceDate "2004.11.15"]
[SourceVersion "1"]
[SourceVersionDate "2004.11.15"]
[SourceQuality "1"]

1. e4 e6 2. d4 d5 3. Nc3 dxe4 4. Nxe4 Bd7 5. Nf3 Bc6 6. Bd3 Nd7 7. O-O Ngf6 8. Qe2 Nxe4 9. Bxe4 Bxe4 10. Qxe4 c6 11. Re1 Nf6 12. Qe2 Be7 13. Bg5 O-O 14. Rad1 Qa5 15. a3 Rad8 16. Ne5 a6 17. Rd3 Nd5 18. Bd2 Qc7 19. c4 Nf6 20. Bf4 Qc8 21. Rg3 Rxd4 22. Bh6 Ne8 23. Qe3 Qd8 24. Qb3 Kh8 25. Be3 Re4 26. Rd1 Qc7 27. Nf3 Nf6 28. Nd2 Rg4 29. Bb6 Qe5 30. Rxg4 Nxg4 31. Nf3 Qh5 32. Rd7 Bc5 33. Rd2 Ne5 34. Bxc5 Nxf3+ 35. Qxf3 Qxc5 36. Qd3 Qe5 37. g3 Kg8 38. b4 c5 39. Rd1 h6 40. Qd6 Qxd6 41. Rxd6 cxb4 42. axb4 Rc8 43. c5 Rc7 44. Rd8+ Kh7 45. Kf1 Kg6 46. Ke2 Kf6 47. Rd6 Ke7 48. Ke3 Rd7 49. Rb6 Rc7 50. Kd4 Rd7+ 51. Ke3 Rc7 52. Kd4 1/2-1/2

[Event "Carnaval"]
[Site "Quebec CAN"]
[Date "2004.02.13"]
[Round "1"]
[White "Lessard, Claude"]
[Black "Larochelle, Martial"]
[Result "1-0"]
[WhiteElo "2001"]
[BlackElo "2194"]
[PlyCount "51"]
[GameId "2160767911192003"]
[EventDate "2004.02.13"]
[EventType "swiss"]
[EventRounds "5"]
[EventCountry "CAN"]
[SourceTitle "EXT 2005"]
[Source "ChessBase"]
[SourceDate "2004.11.15"]
[SourceVersion "1"]
[SourceVersionDate "2004.11.15"]
[SourceQuality "1"]

1. d4 d5 2. Nf3 Nc6 3. g3 Bg4 4. Bg2 Qd7 5. Qd3 O-O-O 6. Ne5 Nxe5 7. dxe5 f6 8. exf6 gxf6 9. c4 dxc4 10. Qxd7+ Rxd7 11. Na3 e5 12. Nxc4 Be6 13. Nd2 Nh6 14. O-O Nf5 15. e3 Bb4 16. Ne4 Bc4 17. Bh3 Be6 18. Nxf6 Rf7 19. Ne4 Rg8 20. a3 Be7 21. Bd2 Kb8 22. Bc3 Bc4 23. Rfc1 Bd3 24. Bg2 Bxe4 25. Bxe4 Bd6 26. Bd5 1-0

[Event "Carnaval"]
[Site "Quebec CAN"]
[Date "2004.02.13"]
[Round "1"]
[White "Sauve, Richard"]
[Black "Drolet, Stephane"]
[Result "0-1"]
[WhiteElo "1992"]
[BlackElo "2130"]
[PlyCount "64"]
[GameId "2160767911192004"]
[EventDate "2004.02.13"]
[EventType "swiss"]
[EventRounds "5"]
[EventCountry "CAN"]
[SourceTitle "EXT 2005"]
[Source "ChessBase"]
[SourceDate "2004.11.15"]
[SourceVersion "1"]
[SourceVersionDate "2004.11.15"]
[SourceQuality "1"]

1. d4 Nf6 2. c4 c6 3. Nc3 d5 4. e3 a6 5. a4 e6 6. Nf3 c5 7. cxd5 exd5 8. Be2 Nc6 9. O-O Bd6 10. dxc5 Bxc5 11. Qb3 Na5 12. Qc2 Qe7 13. Rd1 Be6 14. Nd4 O-O 15. Bd2 Nc6 16. Nxc6 bxc6 17. Rac1 Bd6 18. a5 c5 19. Be1 Rfd8 20. Bf3 Bc7 21. e4 d4 22. Na4 c4 23. e5 Nd5 24. Qxc4 Bxe5 25. Qc5 Qf6 26. Nb6 Nxb6 27. axb6 Rac8 28. Qa5 Rxc1 29. Rxc1 Qf4 30. b7 Rf8 31. Bd2 Qxh2+ 32. Kf1 d3 0-1

[Event "Carnaval"]
[Site "Quebec CAN"]
[Date "2004.02.13"]
[Round "1"]
[White "St Amand, Paul Jr"]
[Black "Valley, Michel"]
[Result "1-0"]
[WhiteElo "2090"]
[BlackElo "1850"]
[PlyCount "131"]
[GameId "2160767911192005"]
[EventDate "2004.02.13"]
[EventType "swiss"]
[EventRounds "5"]
[EventCountry "CAN"]
[SourceTitle "EXT 2005"]
[Source "ChessBase"]
[SourceDate "2004.11.15"]
[SourceVersion "1"]
[SourceVersionDate "2004.11.15"]
[SourceQuality "1"]

1. e4 c5 2. c3 Nf6 3. e5 Nd5 4. d4 cxd4 5. cxd4 Nc6 6. Nf3 d6 7. Bc4 Nb6 8. Bb5 Bd7 9. Nc3 a6 10. Bd3 dxe5 11. dxe5 Bg4 12. Bf4 e6 13. h3 Bh5 14. O-O Nd5 15. Nxd5 Qxd5 16. Be2 Rd8 17. Qa4 Qa5 18. Qxa5 Nxa5 19. Rfc1 Nc6 20. g4 Bg6 21. Bxa6 bxa6 22. Rxc6 Be4 23. Rc3 Bb4 24. Rc4 Bxf3 25. Rxb4 O-O 26. Rc1 Rc8 27. Rbc4 Rxc4 28. Rxc4 h6 29. Kh2 Bd5 30. Ra4 Ra8 31. Kg3 Kf8 32. Bd2 Ke8 33. a3 Kd7 34. h4 Kc6 35. Be3 Kd7 36. h5 Ke8 37. f4 Rb8 38. Bd4 Rb3+ 39. Bc3 Bb7 40. f5 exf5 41. gxf5 Rb5 42. Rg4 Kf8 43. Kf4 a5 44. Rg1 Rd5 45. e6 fxe6 46. fxe6 Bc8 47. Bxg7+ Ke7 48. Be5 Bxe6 49. Rg6 Bf7 50. Rxh6 Rd1 51. Ra6 Bxh5 52. Rxa5 Kd7 53. Rc5 Bf7 54. Ke4 Bg6+ 55. Ke3 Rd3+ 56. Ke2 Ke6 57. Bc3 Rd5 58. Rc6+ Rd6 59. Rc8 Kd7 60. Rg8 Bd3+ 61. Ke3 Kc6 62. a4 Bc4 63. Rc8+ Kd5 64. a5 Ba6 65. Rh8 Kc4 66. Rh4+ 1-0

[Event "Carnaval"]
[Site "Quebec CAN"]
[Date "2004.02.14"]
[Round "2"]
[White "Auger, Bertrand"]
[Black "Marquis, Paul"]
[Result "0-1"]
[WhiteElo "2099"]
[BlackElo "1968"]
[PlyCount "110"]
[GameId "2160767911192007"]
[EventDate "2004.02.13"]
[EventType "swiss"]
[EventRounds "5"]
[EventCountry "CAN"]
[SourceTitle "EXT 2005"]
[Source "ChessBase"]
[SourceDate "2004.11.15"]
[SourceVersion "1"]
[SourceVersionDate "2004.11.15"]
[SourceQuality "1"]

1. Nf3 g6 2. d4 Bg7 3. c4 d6 4. g3 Nc6 5. Bg2 Bg4 6. d5 Bxf3 7. exf3 Nd4 8. O-O Qd7 9. Nc3 h5 10. Ne2 Nxe2+ 11. Qxe2 h4 12. Re1 hxg3 13. fxg3 O-O-O 14. Be3 Qa4 15. b3 Qa5 16. Rab1 Bc3 17. Rec1 Bb4 18. Qf2 Nf6 19. Rc2 Rde8 20. a3 Bc5 21. Bxc5 Qxc5 22. b4 Qxf2+ 23. Rxf2 e6 24. c5 Nxd5 25. cxd6 cxd6 26. f4 Nb6 27. a4 Kb8 28. a5 Nc4 29. a6 b6 30. Bb7 d5 31. Rc1 Re7 32. Re2 Rc7 33. Rec2 Rd8 34. h4 Rdd7 35. Kf2 f5 36. Re2 Rd6 37. Rec2 b5 38. Rc3 d4 39. R3c2 d3 40. Ra2 d2 41. Rd1 Rcd7 42. Bf3 Kc7 43. Be2 Kb6 44. h5 gxh5 45. Bxh5 Rd3 46. Be2 R3d4 47. Kf3 Re4 48. Bxc4 bxc4 49. Rdxd2 Rxd2 50. Rxd2 Kxa6 51. g4 Kb5 52. g5 c3 53. Rd8 Rc4 54. g6 Rc7 55. Rb8+ Ka4 0-1

[Event "Carnaval"]
[Site "Quebec CAN"]
[Date "2004.02.14"]
[Round "2"]
[White "Carrier, Claude"]
[Black "Caire, Francois"]
[Result "1/2-1/2"]
[WhiteElo "1847"]
[BlackElo "2038"]
[PlyCount "67"]
[GameId "2160767911192008"]
[EventDate "2004.02.13"]
[EventType "swiss"]
[EventRounds "5"]
[EventCountry "CAN"]
[SourceTitle "EXT 2005"]
[Source "ChessBase"]
[SourceDate "2004.11.15"]
[SourceVersion "1"]
[SourceVersionDate "2004.11.15"]
[SourceQuality "1"]

1. e4 c5 2. Nf3 Nc6 3. d4 cxd4 4. Nxd4 Nf6 5. Nc3 e5 6. Ndb5 d6 7. Bg5 a6 8. Na3 b5 9. Nd5 Be7 10. Bxf6 Bxf6 11. c3 O-O 12. Nc2 Bg5 13. h4 Bh6 14. Bd3 Be6 15. Nce3 Ne7 16. Nxe7+ Qxe7 17. Ng4 Bxg4 18. Qxg4 Rab8 19. O-O a5 20. g3 Qe6 21. Qe2 Qd7 22. c4 bxc4 23. Bxc4 Kh8 24. Rfd1 f5 25. exf5 Rxf5 26. Qg4 g6 27. Bd3 Rf7 28. Qxd7 Rxd7 29. b3 d5 30. Be4 Rbd8 31. Bg2 Kg7 32. Rab1 Kf6 33. b4 axb4 34. Rxb4 1/2-1/2

[Event "Carnaval"]
[Site "Quebec CAN"]
[Date "2004.02.14"]
[Round "2"]
[White "Landry, Sylvain"]
[Black "Khaziyeva, Dinara"]
[Result "0-1"]
[WhiteElo "1980"]
[BlackElo "2109"]
[PlyCount "83"]
[GameId "2160767911192010"]
[EventDate "2004.02.13"]
[EventType "swiss"]
[EventRounds "5"]
[EventCountry "CAN"]
[SourceTitle "EXT 2005"]
[Source "ChessBase"]
[SourceDate "2004.11.15"]
[SourceVersion "1"]
[SourceVersionDate "2004.11.15"]
[SourceQuality "1"]

1. e4 d6 2. d4 Nf6 3. Nc3 Nbd7 4. g3 e5 5. Nge2 Be7 6. Bg2 O-O 7. O-O c6 8. a4 b6 9. h3 Qc7 10. Be3 Bb7 11. f4 a6 12. g4 Rfd8 13. g5 Ne8 14. f5 exd4 15. Nxd4 Ne5 16. Qh5 Bf8 17. Rf4 g6 18. Qe2 b5 19. Qf2 b4 20. Nce2 c5 21. Nf3 Ng7 22. Nd2 d5 23. exd5 Bxd5 24. Bxd5 Rxd5 25. Ne4 Nh5 26. Rh4 Be7 27. Rf1 Rf8 28. Rxh5 gxh5 29. Nf4 Rdd8 30. Nxh5 Nd7 31. Qe2 Qe5 32. Bf4 Qd4+ 33. Kh1 Qd5 34. f6 Rfe8 35. Rd1 Qc6 36. fxe7 Rxe7 37. Rxd7 Rdxd7 38. Nhf6+ Kf8 39. g6 fxg6 40. Bh6+ Kf7 41. Qf3 Rxe4 42. Nxe4+ 0-1

[Event "Carnaval"]
[Site "Quebec CAN"]
[Date "2004.02.14"]
[Round "2"]
[White "Larochelle, Martial"]
[Black "Sauve, Richard"]
[Result "1-0"]
[WhiteElo "2194"]
[BlackElo "1992"]
[PlyCount "135"]
[GameId "2160767911192011"]
[EventDate "2004.02.13"]
[EventType "swiss"]
[EventRounds "5"]
[EventCountry "CAN"]
[SourceTitle "EXT 2005"]
[Source "ChessBase"]
[SourceDate "2004.11.15"]
[SourceVersion "1"]
[SourceVersionDate "2004.11.15"]
[SourceQuality "1"]

1. d4 e6 2. Nf3 d5 3. c4 c6 4. e3 Nf6 5. Nbd2 Nbd7 6. Bd3 Be7 7. O-O O-O 8. Re1 b6 9. Qc2 Bb7 10. e4 dxe4 11. Nxe4 Nxe4 12. Bxe4 Nf6 13. Bd3 c5 14. dxc5 Bxf3 15. gxf3 Bxc5 16. Bf4 Qe7 17. Rad1 Rfd8 18. a3 a5 19. Rd2 Rd4 20. Be5 Rh4 21. Bg3 Rd4 22. Red1 Kh8 23. Be5 Rd7 24. Bf1 Rad8 25. Qc3 Rxd2 26. Rxd2 Rxd2 27. Qxd2 Qd7 28. Qxd7 Nxd7 29. Bc3 Kg8 30. b4 axb4 31. axb4 Bd6 32. Be2 Kf8 33. h3 Be5 34. Bd2 Ke7 35. Kf1 Kd8 36. Bd1 Nb8 37. Ba4 f6 38. Ke2 Kc7 39. Kd3 Nc6 40. c5 bxc5 41. bxc5 f5 42. Kc4 Bf6 43. f4 h6 44. Bd1 Bh4 45. Be3 g6 46. Bf3 Bf6 47. Bg2 Be7 48. Kb5 Na7+ 49. Ka6 Nc6 50. Bf1 Nb4+ 51. Kb5 Nc6 52. Bc4 Nd8 53. Bd4 g5 54. Be5+ Kd7 55. Kb6 g4 56. Bb5+ Kc8 57. hxg4 fxg4 58. c6 Nxc6 59. Kxc6 Kd8 60. Bc4 Bh4 61. Bxe6 h5 62. Bf7 Bxf2 63. Bxh5 g3 64. Bf6+ Kc8 65. Bg4+ Kb8 66. Be5+ Ka7 67. Bf3 Ka6 68. f5 1-0

[Event "Carnaval"]
[Site "Quebec CAN"]
[Date "2004.02.14"]
[Round "2"]
[White "Lessard, Claude"]
[Black "Fortier, Marc-Andre"]
[Result "1-0"]
[WhiteElo "2001"]
[BlackElo "2205"]
[PlyCount "79"]
[GameId "2160767911192013"]
[EventDate "2004.02.13"]
[EventType "swiss"]
[EventRounds "5"]
[EventCountry "CAN"]
[SourceTitle "EXT 2005"]
[Source "ChessBase"]
[SourceDate "2004.11.15"]
[SourceVersion "1"]
[SourceVersionDate "2004.11.15"]
[SourceQuality "1"]

1. d4 g6 2. Nf3 Bg7 3. g3 d6 4. Bg2 Nd7 5. b3 e5 6. Bb2 e4 7. Nfd2 d5 8. e3 f5 9. c4 c6 10. Nc3 Ngf6 11. cxd5 Nxd5 12. Nxd5 cxd5 13. Ba3 b6 14. O-O Nf8 15. Rc1 Bb7 16. Qe2 a6 17. f3 Qd7 18. fxe4 fxe4 19. Bh3 Qxh3 20. Rc7 Nd7 21. Rxb7 h5 22. Qf2 Qe6 23. Rc1 h4 24. Rbc7 Rd8 25. R1c6 Qg4 26. Qf4 Qxf4 27. gxf4 Bf8 28. Bxf8 Nxf8 29. Rxb6 Rh5 30. Rxa6 Rf5 31. b4 g5 32. fxg5 Rxg5+ 33. Kf2 h3 34. Nf1 Rg2+ 35. Ke1 Ng6 36. b5 Nh4 37. Rh6 Nf3+ 38. Kd1 Rg8 39. b6 Rd7 40. b7 1-0

[Event "Carnaval"]
[Site "Quebec CAN"]
[Date "2004.02.14"]
[Round "2"]
[White "Papineau (Granby), Daniel"]
[Black "Lawson, Eric"]
[Result "0-1"]
[WhiteElo "1999"]
[BlackElo "2347"]
[PlyCount "100"]
[GameId "2160767911192014"]
[EventDate "2004.02.13"]
[EventType "swiss"]
[EventRounds "5"]
[EventCountry "CAN"]

1. d4 c5 2. d5 e5 3. Nc3 d6 4. e4 g6 5. Bb5+ Bd7 6. Bxd7+ Nxd7 7. Nf3 Bg7 8. O-O a6 9. a4 Ne7 10. Be3 h6 11. Nd2 O-O 12. a5 f5 13. f3 f4 14. Bf2 g5 15. Nc4 Rf6 16. Na4 h5 17. Qb1 g4 18. b4 g3 19. hxg3 Rg6 20. Kh2 Nxd5 21. exd5 fxg3+ 22. Kg1 Qh4 23. Bxg3 Qxg3 24. Rf2 e4 25. c3 exf3 26. Qf5 Ne5 27. Nxe5 Bxe5 28. Qxf3 Qh2+ 29. Kf1 Rf6 30. Qh3 Raf8 31. Raa2 Qxh3 32. gxh3 cxb4 33. cxb4 Rf4 34. Nb6 Rxb4 35. Nd7 Rxf2+ 36. Kxf2 Rb2+ 37. Rxb2 Bxb2 38. Ke2 Bc3 39. Kf3 Bxa5 40. Nf6+ Kf7 41. Nxh5 Bd8 42. Nf4 b5 43. Ne6 Bb6 44. h4 Kg6 45. Ke4 Kh5 46. Ng7+ Kg6 47. Nf5 Bc5 48. Kf4 a5 49. Kg4 a4 50. h5+ Kh7 0-1

[Event "Carnaval"]
[Site "Quebec CAN"]
[Date "2004.02.14"]
[Round "2"]
[White "Philippe, Denis"]
[Black "Gravel, Simon M"]
[Result "0-1"]
[WhiteElo "1986"]
[BlackElo "2226"]
[PlyCount "56"]
[GameId "2160767911192015"]
[EventDate "2004.02.13"]
[EventType "swiss"]
[EventRounds "5"]
[EventCountry "CAN"]
[SourceTitle "EXT 2005"]
[Source "ChessBase"]
[SourceDate "2004.11.15"]
[SourceVersion "1"]
[SourceVersionDate "2004.11.15"]
[SourceQuality "1"]

1. d4 Nf6 2. Nf3 g6 3. Nc3 d5 4. Bf4 Bg7 5. e3 O-O 6. Be2 b6 7. Ne5 Bb7 8. h4 Nfd7 9. h5 Nxe5 10. dxe5 Nd7 11. e6 Nc5 12. exf7+ Rxf7 13. hxg6 hxg6 14. Bd3 d4 15. Bxg6 Rxf4 16. exf4 dxc3 17. Qh5 Qd2+ 18. Kf1 cxb2 19. Rd1 Rd8 20. Rxd2 b1=Q+ 21. Ke2 Rxd2+ 22. Kxd2 Qb4+ 23. Ke2 Qxf4 24. Rh4 Qf6 25. Bh7+ Kf8 26. f3 Ne6 27. Be4 Bxe4 28. Rxe4 Nf4+ 0-1

[Event "Carnaval"]
[Site "Quebec CAN"]
[Date "2004.02.14"]
[Round "3"]
[White "Champetier, Serge"]
[Black "Auger, Bertrand"]
[Result "1/2-1/2"]
[WhiteElo "2005"]
[BlackElo "2099"]
[PlyCount "57"]
[GameId "2160767911192017"]
[EventDate "2004.02.13"]
[EventType "swiss"]
[EventRounds "5"]
[EventCountry "CAN"]
[SourceTitle "EXT 2005"]
[Source "ChessBase"]
[SourceDate "2004.11.15"]
[SourceVersion "1"]
[SourceVersionDate "2004.11.15"]
[SourceQuality "1"]

1. d4 e6 2. e4 d5 3. Nc3 dxe4 4. Nxe4 Bd7 5. Nf3 Bc6 6. Bd3 Nd7 7. O-O Ngf6 8. Ng3 Be7 9. b3 O-O 10. c4 b6 11. Bb2 Re8 12. Re1 Bb4 13. Re3 Ng4 14. Qc2 Nxe3 15. fxe3 Bxf3 16. Bxh7+ Kh8 17. gxf3 g6 18. Bxg6 fxg6 19. Qxg6 Qf6 20. Qh5+ Kg7 21. Qb5 Qe7 22. d5+ Kg8 23. dxe6 Nf8 24. Ne4 Nxe6 25. Qh5 Ng7 26. Qg6 Bd2 27. Nf6+ Kf8 28. Nh7+ Kg8 29. Nf6+ 1/2-1/2

[Event "Carnaval"]
[Site "Quebec CAN"]
[Date "2004.02.14"]
[Round "3"]
[White "Fortier, Marc-Andre"]
[Black "Papineau (Granby), Daniel"]
[Result "1-0"]
[WhiteElo "2205"]
[BlackElo "1999"]
[PlyCount "135"]
[GameId "2160767911192018"]
[EventDate "2004.02.13"]
[EventType "swiss"]
[EventRounds "5"]
[EventCountry "CAN"]

1. e4 e5 2. Nf3 Nc6 3. Bb5 a6 4. Ba4 Nf6 5. O-O Nxe4 6. d4 b5 7. Bb3 d5 8. dxe5 Be6 9. a4 Na5 10. Nbd2 Nxb3 11. Nxb3 c5 12. axb5 axb5 13. Rxa8 Qxa8 14. Ng5 Nxg5 15. Bxg5 h6 16. Bh4 g5 17. Bg3 Be7 18. Qe2 Qb7 19. f4 gxf4 20. Bxf4 d4 21. Nd2 Bd5 22. Qg4 Kf8 23. Nf3 Qc6 24. Nh4 h5 25. Qh3 Rg8 26. Nf3 h4 27. Ne1 c4 28. Qf5 Bb4 29. Nf3 Be7 30. Kh1 Ke8 31. Qh7 Qg6 32. Qxg6 Rxg6 33. h3 Be4 34. Rf2 d3 35. cxd3 Bxd3 36. Be3 Ra6 37. Kh2 Ra2 38. g3 hxg3+ 39. Kxg3 b4 40. Bd4 Kd7 41. h4 Ke6 42. Kf4 Kd5 43. Ke3 Bg6 44. Rd2 Kc6 45. e6 f6 46. Rg2 Bh5 47. Nd2 Kd5 48. Rg7 Kxe6 49. Nxc4 Ra1 50. Nb6 Rh1 51. Nc8 Bd8 52. Rg8 Kd7 53. Na7 Rxh4 54. Rxd8+ Ke7 55. Nc6+ Ke6 56. Bc5 Rc4 57. Rd6+ Kf7 58. Nxb4 Rxc5 59. Nd5 Rb5 60. Nxf6 Bg6 61. Ng4 Rxb2 62. Ne5+ Kg7 63. Rxg6+ Kf8 64. Ke4 Rb1 65. Kf5 Rf1+ 66. Ke6 Rf2 67. Nd7+ Ke8 68. Rg8+ 1-0

[Event "Carnaval"]
[Site "Quebec CAN"]
[Date "2004.02.14"]
[Round "3"]
[White "Gravel, Simon M"]
[Black "Khaziyeva, Dinara"]
[Result "1-0"]
[WhiteElo "2226"]
[BlackElo "2109"]
[PlyCount "85"]
[GameId "2160767911192019"]
[EventDate "2004.02.13"]
[EventType "swiss"]
[EventRounds "5"]
[EventCountry "CAN"]
[SourceTitle "EXT 2005"]
[Source "ChessBase"]
[SourceDate "2004.11.15"]
[SourceVersion "1"]
[SourceVersionDate "2004.11.15"]
[SourceQuality "1"]

1. c4 Nf6 2. Nc3 g6 3. e4 d6 4. g3 Bg7 5. Bg2 e5 6. d3 O-O 7. Nge2 c6 8. O-O Na6 9. h3 Nc7 10. f4 exf4 11. Nxf4 Nd7 12. d4 c5 13. Be3 Nb6 14. b3 Qe7 15. Qd2 Ne6 16. Nfe2 Re8 17. Rae1 Nxd4 18. Nxd4 cxd4 19. Bxd4 Bxd4+ 20. Qxd4 Qe5 21. Qd3 Qc5+ 22. Kh2 Be6 23. Rd1 Rad8 24. Qd2 a6 25. Ne2 Qe5 26. Nf4 Kg7 27. Qf2 Nd7 28. Rd4 Nc5 29. b4 Na4 30. Nd3 Qg5 31. h4 Qe7 32. Qf4 Rc8 33. e5 dxe5 34. Qxe5+ Kg8 35. Re1 Qc7 36. Nf4 Nb6 37. c5 Qxe5 38. Rxe5 Nd7 39. Rxe6 fxe6 40. Rxd7 a5 41. a3 axb4 42. axb4 b6 43. c6 1-0